Statistics for Grey's Anatomy

Click here to take the quiz!

General Stats

  • This quiz has been taken 492 times
  • The average score is 14 of 17

Answer Stats

HintAnswer% Correct
The season of the plane crashEight
97%
007George O'Malley
95%
Mark, Callie and Arizona name their kid thisSofia
94%
Callie's specialtyOrthopedic Surgeon
93%
Meredith and Derek get married on thisPost-it
92%
Miranda Bailey's nicknameThe Nazi
89%
Meredith and Lexie's father's nameThatcher
89%
Meredith gives part of this to her fatherLiver
88%
Name of Meredith and Derek's sonBailey
87%
Gave Cristina a hospitalPreston Burke
86%
Color of the Mercy West scrubsOrange
83%
Color of Derek's shirt when he first met MeredithRed
78%
Resident that was fired and came backApril Kepner
72%
Name of doctor who "killed" DerekPenny Blake
67%
Where Owen Hunt served in the warIraq
67%
Name of Jackson and April's babySamuel
62%
Left with CristinaShane Ross
55%

Score Distribution

Percentile by Number Answered

Percent of People with Each Score

Your Score History

You have not taken this quiz